Größte Stadt mit dem Anfangsbuchstaben ihres Landes - Statistiken

Allgemein
  • Dieses Quiz wurde 386 mal gespielt
  • Das Durchschnittsergebnis liegt bei 6 aus 16
Antwortstatistiken
Land Stadt Einwohner % Korrekt
Deutschland D{üsseldorf} 629.047
98%
Portugal P{orto} 231.800
91%
Spanien S{evilla} 681.998
88%
Marokko M{arrakesch} 928.850
67%
Schweiz S{t}. {Gallen} 76.213
61%
Australien A{delaide} 1.245.011
55%
Polen P{oznań} 532.048
41%
Russland R{ostow} 1.142.162
34%
Niederlande N{ijmegen} 187.011
31%
Iran I{sfahan} 1.961.260
18%
Bulgarien B{urgas} 188.242
17%
Vereinigte Staaten V{irginia} {Beach} 459.470
13%
Pakistan P{eschawar} 1.970.042
7%
Myanmar M{andalay} 1.225.546
6%
Indien I{ndore} 2.200.000
5%
Kanada K{itchener} 256,885
3%
Keine übereinstimmenden Quizze gefunden
Verteilung der Resultate
Anzahl Personen mit jedem Resultat
Perzentil nach korrekt beantworteten Fragen
Ihre Resultats-Entwicklung
Sie haben dieses Quiz noch nicht gespielt